000 00325nam a22001457a 4500
003 SGT
020 _a9780195691696
082 _a340.59
_bMAH
100 _aMAHMOOD TAHIR
245 _aOUTLINES OF MUHAMMADAN LAW
250 _a5
260 _aNEW DELHI
_bOXFORD UNIVERSITY PRESS
_c2008
300 _a414
942 _2ddc
_cBK
_03
999 _c25537
_d25537